[Event "CZE-chT2B 0910"]
[Site "Czech Republic"]
[Date "2010.02.28"]
[Round "8.3"]
[White "Cerny, Martin"]
[Black "Huttner, Milos"]
[Result "1/2-1/2"]
[WhiteElo "2175"]
[BlackElo "1985"]
[PlyCount "179"]
[EventDate "2009.10.18"]
[EventType "team-tourn"]
[EventRounds "11"]
[EventCountry "CZE"]
[SourceTitle "EXT 2012"]
[Source "ChessBase"]
[SourceDate "2011.11.24"]
[SourceVersion "1"]
[SourceVersionDate "2011.11.24"]
[SourceQuality "1"]
[WhiteTeam "Novoborsky III"]
[BlackTeam "Karlovy Vary II"]
[WhiteTeamCountry "CZE"]
[BlackTeamCountry "CZE"]

1. d4 d5 2. c4 c6 3. Nf3 Nf6 4. Nbd2 e6 5. e3 Nbd7 6. Bd3 Bd6 7. 0-0 0-0 8. e4 e5 9. exd5 cxd5 10. dxe5 Nxe5 11. Nxe5 Bxe5 12. Nf3 Bc7 13. cxd5 Bg4 14. h3 Bh5 15. Bg5 Qd6 16. g4 Bg6 17. Bxf6 Qxf6 18. Kg2 Rfd8 19. Bxg6 hxg6 20. Rc1 Qd6 21. Re1 Bb6 22. Rc2 Kf8 23. Rce2 Ba5 24. Rf1 Qxd5 25. Qxd5 Rxd5 26. Rc1 Rad8 27. Rc4 Bb6 28. Rce4 Bd4 29. Nxd4 Rxd4 30. Re7 R4d7 31. R7e3 Rd2 32. Kf3 R8d3 33. Rxd3 Rxd3+ 34. Kg2 g5 35. Re5 Rd2 36. Rb5 b6 37. Kg3 Rd3+ 38. f3 Rd2 39. a4 f6 40. b4 Rb2 41. a5 bxa5 42. Rxa5 Rxb4 43. Rxa7 Rb2 44. h4 gxh4+ 45. Kxh4 Rb3 46. Kg3 g6 47. Kf4 Rb4+ 48. Ke3 Rb3+ 49. Ke4 Rb5 50. Rc7 Rb3 51. Rd7 Rb5 52. Rc7 Rb3 53. Ra7 Rb5 54. Rd7 Ra5 55. Rb7 Ra3 56. Rc7 Ra5 57. Rd7 Ra3 58. f4 Ra5 59. f5 gxf5+ 60. gxf5 Ra6 61. Kd5 Ra1 62. Ke6 Rf1 63. Kxf6 Kg8 64. Rg7+ Kf8 65. Rg4 Rb1 66. Re4 Rf1 67. Rc4 Kg8 68. Rc8+ Kh7 69. Ke6 Kg7 70. Rc7+ Kg8 71. Rc4 Rf2 72. Rc5 Kg7 73. Rc7+ Kf8 74. Rc4 Kg7 75. Rg4+ Kf8 76. Kf6 Ra2 77. Rc4 Ra6+ 78. Kg5 Kf7 79. Rc7+ Kf8 80. Rh7 Rb6 81. Rh4 Kf7 82. Rd4 Ra6 83. Rd7+ Kf8 84. Rh7 Rb6 85. Rh6 Rxh6 86. Kxh6 Kf7 87. Kg5 Kg7 88. f6+ Kf7 89. Kf5 Kf8 90. Ke6 1/2-1/2

[Event "CZE-chT2B 0910"]
[Site "Czech Republic"]
[Date "2010.01.17"]
[Round "5.4"]
[White "Vitak, Pavel"]
[Black "Huttner, Milos"]
[Result "1-0"]
[WhiteElo "2231"]
[BlackElo "1985"]
[PlyCount "79"]
[EventDate "2009.10.18"]
[EventType "team-tourn"]
[EventRounds "11"]
[EventCountry "CZE"]
[SourceTitle "EXT 2012"]
[Source "ChessBase"]
[SourceDate "2011.11.24"]
[SourceVersion "1"]
[SourceVersionDate "2011.11.24"]
[SourceQuality "1"]
[WhiteTeam "Pankrac II"]
[BlackTeam "Karlovy Vary II"]
[WhiteTeamCountry "CZE"]
[BlackTeamCountry "CZE"]

1. e4 e5 2. Nf3 Nc6 3. Bb5 a6 4. Ba4 Nf6 5. Qe2 b5 6. Bb3 Be7 7. d4 d6 8. a4 Bd7 9. c3 0-0 10. Nbd2 exd4 11. cxd4 bxa4 12. Bxa4 Nb4 13. 0-0 c5 14. Nc4 Bb5 15. d5 Nd7 16. Bd2 Bxa4 17. Rxa4 Nb6 18. Nxb6 Qxb6 19. Bxb4 cxb4 20. Rc1 Rfc8 21. Qd2 a5 22. g3 Bf6 23. Kg2 h6 24. h4 Rc5 25. g4 Rac8 26. Raa1 b3 27. Rxc5 Rxc5 28. Qe3 Qb4 29. g5 hxg5 30. hxg5 Bxb2 31. Rh1 g6 32. Qf4 Rc4 33. Nd2 Be5 34. Qe3 Rc7 35. Nf3 Rc3 36. Qa7 Qc5 37. Qe7 Qc8 38. Nxe5 dxe5 39. Rh4 Rc7 40. Qf6 1-0

[Event "CZE-chT2B 0910"]
[Site "Czech Republic"]
[Date "2009.11.08"]
[Round "2.4"]
[White "Huttner, Milos"]
[Black "Janda, Zdenek"]
[Result "1-0"]
[WhiteElo "1985"]
[BlackElo "2161"]
[PlyCount "53"]
[EventDate "2009.10.18"]
[EventType "team-tourn"]
[EventRounds "11"]
[EventCountry "CZE"]
[SourceTitle "EXT 2012"]
[Source "ChessBase"]
[SourceDate "2011.11.24"]
[SourceVersion "1"]
[SourceVersionDate "2011.11.24"]
[SourceQuality "1"]
[WhiteTeam "Karlovy Vary II"]
[BlackTeam "Decin"]
[WhiteTeamCountry "CZE"]
[BlackTeamCountry "CZE"]

1. e4 g6 2. d4 Bg7 3. Nf3 d6 4. Bc4 Nf6 5. Nc3 c6 6. a4 a5 7. 0-0 0-0 8. e5 Ne8 9. Qe2 d5 10. Bd3 Na6 11. Ng5 Nec7 12. f4 Nb4 13. f5 Nxd3 14. Qxd3 f6 15. Nxh7 Kxh7 16. fxg6+ Kg8 17. Qe2 fxe5 18. Rxf8+ Qxf8 19. Qh5 Qf5 20. Qh7+ Kf8 21. Bh6 Ke8 22. Bxg7 exd4 23. Rf1 Qg4 24. Rf8+ Kd7 25. Bf6 Qe6 26. Bxe7 Ne8 27. Bc5+ 1-0